Countries with capitals that are the same name - Statistics

General Stats
  • This quiz has been taken 28 times
    13 since last reset
  • The average score is 7 of 12
Answer Stats
Answer % Correct
Mexico
82%
San Marino
82%
Vatican City
82%
Andorra
73%
Luxembourg
64%
Monaco
64%
Guatemala
55%
Kuwait
55%
Panama
55%
Djibouti
45%
Singapore
36%
Sao Tome`and Principe
18%
No matching quizzes found
Score Distribution
Percent of People with Each Score
Percentile by Number Answered
Your Score History
You have not taken this quiz since the last reset